|
|
|
|
| LEADER |
00000nam a2200000 a 4500 |
| 001 |
vtls010543965 |
| 003 |
SK-MaSNL |
| 005 |
20260426013318.0 |
| 007 |
co bg auuua |
| 008 |
240318s2013 xo | fsp 000 0 ger |
| 015 |
|
|
|a SNBS2015
|
| 020 |
|
|
|a 9788081270727
|q (elektronická kniha)
|
| 040 |
|
|
|a SNK
|b slo
|c SNK
|e AACR2
|
| 041 |
0 |
|
|a ger
|
| 044 |
|
|
|a xo
|c SK
|
| 072 |
|
7 |
|a 070
|x Noviny. Tlač. Žurnalistika
|2 konspekt
|
| 080 |
|
|
|a 070(=112.2)
|2 2001
|
| 080 |
|
|
|a (437.6)
|2 2001
|
| 080 |
|
|
|a (075.8)
|2 2001
|
| 080 |
|
|
|a (0.034.44)
|2 2001
|
| 080 |
|
|
|a (078.7)
|2 2001
|
| 100 |
1 |
|
|a Tancer, Jozef,
|d 1975-
|4 aut
|9 182885
|
| 245 |
1 |
4 |
|a Das deutschsprachige Pressewesen in Pressburg bis 1918
|h elektronický zdroj
|b eine Einführung anhand von Fallbeispielen
|c Jozef Tancer
|
| 260 |
|
|
|a Bratislava
|b STIMUL
|c 2013
|
| 300 |
|
|
|a 1 elektronický optický disk (DVD-ROM)
|c 12 cm
|
| 500 |
|
|
|a Názov z titulnej obrazovky
|
| 504 |
|
|
|a Bibliogr. odkazy
|
| 516 |
|
|
|a Textový dokument (skriptá), súbor vo formáte pdf
|
| 538 |
|
|
|a Technické požiadavky: PDF prehliadač
|
| 648 |
|
7 |
|a do r. 1918
|2 SNKPH
|9 318850
|
| 650 |
0 |
7 |
|a nemecká tlač
|2 SNKPH
|9 717329
|
| 650 |
0 |
7 |
|a German press
|2 SNKPHeng
|9 717330
|
| 651 |
|
7 |
|a Bratislava (Slovensko)
|2 SNKPH
|9 14568
|
| 651 |
|
7 |
|a Bratislava (Slovakia)
|2 SNKPHeng
|9 171234
|
| 655 |
|
7 |
|a elektronické zdroje
|2 SNKPH
|9 90954
|
| 655 |
|
7 |
|a DVD-ROM
|2 SNKPH
|9 113904
|
| 655 |
|
7 |
|a učebnice vysokých škôl
|2 SNKPH
|9 70191
|
| 655 |
|
7 |
|a prípadové štúdie
|2 SNKPH
|9 70498
|
| 655 |
|
7 |
|a Textbooks (higher)
|2 SNKPHeng
|9 276436
|
| 655 |
|
7 |
|a Electronic resources
|2 SNKPHeng
|9 175546
|
| 655 |
|
7 |
|a Case studies
|2 SNKPHeng
|9 302769
|
| 710 |
2 |
|
|a Univerzita Komenského v Bratislave.
|b Filozofická fakulta
|4 pbl
|
| 919 |
|
|
|a 978-80-8127-072-7
|
| 958 |
|
|
|a NB
|
| 999 |
|
|
|c 1119935
|d 1121865
|
| 952 |
|
|
|a SNK
|b SNK
|y PREZ
|7 0
|p 17A1090116
|o snkSDVD 1669
|i snk2013/21511
|8 0
|0 0
|1 0
|4 0
|d 2013-09-17
|l 0
|r 2026-02-24 18:28:17
|w 2026-02-24
|
| 952 |
|
|
|a SNK
|b SNK
|y PREZ
|7 0
|p 17A1090117
|o snkSDVD 1669 D1
|i snk2013/21512
|8 0
|0 0
|1 0
|4 0
|d 2013-09-17
|l 0
|r 2026-02-24 18:28:17
|w 2026-02-24
|